Đặc uỷ An Nam cộng sản Đảng Hậu Giang trong việc xây dựng các chi bộ cộng sản ở miền Tây Nam bộ /

Guardat en:
Dades bibliogràfiques
Autor principal: Nguyễn thị Thanh Vân.
Format: Article
Idioma:Vietnamese
Matèries:
Etiquetes: Afegir etiqueta
Sense etiquetes, Sigues el primer a etiquetar aquest registre!
Thư viện lưu trữ: Thư viện Trường Đại học Đà Lạt
LEADER 00888nam a2200277 4500
001 DLU090077593
005 ##20090220
040 # # |a DLU  |b vie 
041 # # |a vie 
044 # # |a vn 
100 # # |a Nguyễn thị Thanh Vân. 
245 # # |a Đặc uỷ An Nam cộng sản Đảng Hậu Giang trong việc xây dựng các chi bộ cộng sản ở miền Tây Nam bộ /  |c Nguyễn Thị Thanh Vân. 
653 # # |a Đảng Hậu Giang 
653 # # |a An nam cộng sản 
653 # # |a Chi bộ cộng sản 
653 # # |a Miền Tây Nam Bộ 
773 # # |t Lịch sử Đảng  |g Số 5(78), 1997, tr. 56-57 
920 # # |a Phòng Tạp chí -- Trung tâm Thông tin - Thư viện Trường Đại học Đà Lạt 
994 # # |a DLU 
900 # # |a True 
911 # # |a Nguyễn Thị Tưởng 
925 # # |a G 
926 # # |a A 
927 # # |a BB 
980 # # |a Thư viện Trường Đại học Đà Lạt